[Event "South Moravia Region-chT 2223"]
[Site "Czech Republic"]
[Date "2023.02.12"]
[Round "8.2"]
[White "Lukas, Frantisek"]
[Black "Hladky, Tadeas"]
[Result "1/2-1/2"]
[WhiteElo "1936"]
[BlackElo "1947"]
[PlyCount "32"]
[EventDate "2022.10.09"]
[EventType "team-tourn"]
[EventRounds "11"]
[EventCountry "CZE"]
[SourceTitle "EXT 2024"]
[Source "ChessBase"]
[SourceDate "2023.10.10"]
[SourceVersion "1"]
[SourceVersionDate "2023.10.10"]
[SourceQuality "1"]

1. b3 e5 2. Bb2 Nc6 3. Nf3 e4 4. Nd4 Nxd4 5. Bxd4 d5 6. e3 Nf6 7. c4 c6 8. cxd5 Nxd5 9. Nc3 Nxc3 10. dxc3 Bf5 11. Qc2 f6 12. c4 Bb4+ 13. Bc3 Qa5 14. Bxb4 Qxb4+ 15. Qd2 Qxd2+ 16. Kxd2 0-0-0+ 1/2-1/2

[Event "CZE-chT2E 2122"]
[Site "Czech Republic"]
[Date "2022.02.13"]
[Round "8.8"]
[White "Lukas, Frantisek"]
[Black "Sojka, Ales"]
[Result "1/2-1/2"]
[WhiteElo "1924"]
[BlackElo "2118"]
[PlyCount "50"]
[EventDate "2021.10.17"]
[EventType "team-tourn"]
[EventRounds "11"]
[EventCountry "CZE"]
[SourceTitle "EXT 2024"]
[Source "ChessBase"]
[SourceDate "2023.10.10"]
[SourceVersion "1"]
[SourceVersionDate "2023.10.10"]
[SourceQuality "1"]
[WhiteTeam "Brno Lokomotiva"]
[BlackTeam "Kromeriz Slavia II"]
[WhiteTeamCountry "CZE"]
[BlackTeamCountry "CZE"]

1. b3 e5 2. Bb2 d6 3. e3 g6 4. d4 Bg7 5. dxe5 Bxe5 6. Bxe5 dxe5 7. Qxd8+ Kxd8 8. Bc4 Nh6 9. Nc3 c6 10. 0-0-0+ Ke7 11. h3 Be6 12. Bxe6 Kxe6 13. Nf3 Na6 14. Ne4 Rad8 15. Rxd8 Rxd8 16. Nfg5+ Ke7 17. Nxh7 f5 18. Nc3 Nf7 19. f4 Nc5 20. Ng5 Nxg5 21. fxg5 b5 22. h4 b4 23. Ne2 Ne4 24. Rd1 Rh8 25. g3 a5 1/2-1/2

[Event "Brno Trade op"]
[Site "Brno"]
[Date "2021.09.03"]
[Round "7"]
[White "Lukas, Frantisek"]
[Black "Zikan, Karel"]
[Result "1-0"]
[WhiteElo "1879"]
[BlackElo "1627"]
[PlyCount "95"]
[EventDate "2021.08.29"]
[EventType "swiss"]
[EventRounds "9"]
[EventCountry "CZE"]
[SourceTitle "CBM 204 Extra"]
[Source "ChessBase"]
[SourceDate "2021.11.30"]
[SourceVersion "1"]
[SourceVersionDate "2021.11.30"]
[SourceQuality "1"]

1. d4 Nf6 2. Nf3 d5 3. c4 e6 4. cxd5 exd5 5. Nc3 Bf5 6. Qb3 b6 7. Bg5 c6 8. e3 h6 9. Bh4 Be7 10. Be2 Ne4 11. Bxe7 Qxe7 12. 0-0 0-0 13. Rac1 Qd6 14. Rfd1 Nd7 15. Bd3 Ndf6 16. Qc2 Nxc3 17. Qxc3 Bxd3 18. Rxd3 Rac8 19. Qa3 Rfd8 20. Qxa7 Ra8 21. Qxb6 Rxa2 22. Qb3 Ra5 23. h3 Rb8 24. Qc2 Qb4 25. b3 Ra3 26. Qxc6 Rxb3 27. Rxb3 Qxb3 28. Qc7 Qb2 29. Ne5 Rb7 30. Qc8+ Kh7 31. Qc2+ Ne4 32. f3 Qxc2 33. Rxc2 Ng3 34. Kf2 Nh1+ 35. Ke1 Ng3 36. Rc5 f6 37. Nd3 Rb1+ 38. Rc1 Rb3 39. Rd1 Ra3 40. Kf2 Nf5 41. Rd2 h5 42. g4 hxg4 43. hxg4 Nd6 44. Nf4 Nc4 45. Rd3 Ra2+ 46. Kg3 Ra5 47. Rc3 g5 48. Nxd5 1-0

[Event "CZE-ch Juniors FIDE op"]
[Site "Kouty nad Desnou"]
[Date "2020.03.11"]
[Round "6"]
[White "Novotny, David"]
[Black "Lukas, Frantisek"]
[Result "1-0"]
[WhiteElo "1910"]
[BlackElo "1852"]
[PlyCount "63"]
[EventDate "2020.03.07"]
[EventType "swiss"]
[EventRounds "7"]
[EventCountry "CZE"]
[SourceTitle "CBM 195 Extra"]
[Source "ChessBase"]
[SourceDate "2020.05.31"]
[SourceVersion "1"]
[SourceVersionDate "2020.05.31"]
[SourceQuality "1"]

1. d4 d5 2. Bf4 c5 3. e3 cxd4 4. exd4 Bf5 5. Nc3 a6 6. f3 e6 7. g4 Bg6 8. h4 h5 9. g5 Nc6 10. Bd3 Bxd3 11. Qxd3 Bd6 12. Nge2 Nge7 13. 0-0-0 b5 14. Rhg1 g6 15. Kb1 Bxf4 16. Nxf4 Nf5 17. Rde1 0-0 18. Ncxd5 exd5 19. Nxh5 gxh5 20. Qxf5 Nxd4 21. Qd3 Qb6 22. g6 f5 23. Qe3 f4 24. Qe5 Rf5 25. Qe7 Qa7 26. Qd6 Qg7 27. c3 Raf8 28. cxd4 Qf6 29. Qd7 Qg7 30. Re7 Qf6 31. Rf7 Rxf7 32. gxf7+ 1-0